000 00613nam a2200229Ia 4500
003 GCL
008 140319s9999 xx 000 0 eng d
040 _aGCL /
_cGCL
082 0 4 _a701.17
_bL A
100 1 _aLAMBOURNE, LIONEL
245 1 0 _aTHE AESTHETIC MOVEMENT /
_cLAMBOURNE, LIONEL
260 _a[S.N] :
_bPHAIDON PRESS, LTD. ،
_c1996
300 _a240 P
650 0 4 _aARTS - PHILOSOPHY
650 0 4 _aMOVEMENT - AESTHETICS
650 0 4 _aARTS
650 0 4 _aAESTHETICS
650 0 4 _aAESTHETICS - AMERICA
650 0 4 _aAESTHETICS - 19 TH CENTURY
650 0 4 _aAESTHETICS - MODERN
942 _2ddc
_cBK
999 _c14483
_d14483